000 00665nam a2200205Ia 4500
003 GCL
008 140319s9999 xx 000 0 ara d
040 _aGCL /
_cGCL
082 0 4 _a709.1
_bم ق
100 1 _aمحمد عبدالعزيز مرزوق
245 1 0 _aالفن الاسلامى فى العصر الايوبى /
_cمحمد عبدالعزيز مرزوق
260 _a[S.N] :
_bدار القلم للتراث ،
_c1963
300 _a123 ص
490 _aالمكتبة الثقافية
_v0
650 0 4 _aالفن
650 0 4 _aالدولة الايوبية
650 0 4 _aالايوبيون
650 0 4 _aالفن الاسلامى
942 _2ddc
_cBK
999 _c36387
_d36387